| 000 | 04151cam a22012374i 4500 | ||
|---|---|---|---|
| 003 | PE-LiUPU | ||
| 005 | 20250813185440.0 | ||
| 008 | 150623s r 000 0 eng d | ||
| 020 | _a0864863306 | ||
| 035 | _a(Sirsi) i9780864863300 | ||
| 040 |
_aPE-LiUPU _bspa _cPE-LiUPU _erda |
||
| 049 | _aPRUA | ||
| 082 | 0 | 4 |
_a306.766 _bA14 _221 |
| 100 | 1 |
_aDe Gruchy, Steve, _eautor. |
|
| 245 | 1 | 0 |
_aAliens in the household of God : _bhomosexuality and chriatian faith in South Africa / _cPaul Germond. |
| 250 | _bPaul GermondSteve De Gruchy | ||
| 264 | 1 |
_aWerdmuller Centre, Claremont : _bDavid Philip Pubisher, Cape Town & Johannesburg, _c1997. |
|
| 300 |
_a328 páginas ; _c23 centímetros |
||
| 336 |
_atext _2rdacontent |
||
| 337 |
_aunmediated _2rdamedia |
||
| 338 |
_avolume _2rdacarrier |
||
| 504 | _aIncluye Bibliografía. | ||
| 505 | 0 | _aSome people: No longer a son. God has more mercy than any moffie - hater. My story: reflections at 45. The story of my beginning. A mother's story. Quite delighted and even proud. "Gay dominee" explains why. Some ordinations: The rise and fall of a lesbian ordinand. Confessions of a gay ordinand: a personal history. Part of God´s greater plan. My experience as a gay priest. Weaving a common struggle: lesbians, gays and women priests. Some Communities: Homosexual christian communities in gauteng. Coming home: visions of healing in a gauteng church. Homosexuals and the right to marry. Gal identity and the AIDS crisis. Liberation through the law?. The constitution and the church. Who are we for each other? sexism, sexuality and womanist theology. Changing perspectives: lesbian and gay existence in the church. Homosexuality in the traditions of the church. My ministry in the gay community. The challenge of the churches to gays and lesbians. Some Analysis: Heterosexism, homosexuality and the Bible. Human geing in Christ: resources for an inclusive anthropology. The essentialist - social constructinist debate and biblical research. Homosexuality and African culture. | |
| 526 | _aP202 | ||
| 526 | _aP201 | ||
| 526 | _aP163 | ||
| 526 | _aP162 | ||
| 526 | _aP161 | ||
| 526 | _aP160 | ||
| 526 | _aP148 | ||
| 526 | _aP147 | ||
| 526 | _aP146 | ||
| 526 | _aP145 | ||
| 526 | _aP144 | ||
| 526 | _aP143 | ||
| 526 | _aP142 | ||
| 526 | _aP141 | ||
| 526 | _aP140 | ||
| 526 | _aP139 | ||
| 526 | _aP138 | ||
| 526 | _aP137 | ||
| 526 | _aP136 | ||
| 526 | _aP135 | ||
| 526 | _aP134 | ||
| 526 | _aP133 | ||
| 526 | _aP129 | ||
| 526 | _aP128 | ||
| 526 | _aP127 | ||
| 526 | _aP120 | ||
| 526 | _aP119 | ||
| 526 | _aP118 | ||
| 526 | _aP116 | ||
| 526 | _aP115 | ||
| 526 | _aP114 | ||
| 526 | _aP110 | ||
| 526 | _aP109 | ||
| 526 | _aP108 | ||
| 526 | _aP104 | ||
| 526 | _aP103 | ||
| 526 | _aP102 | ||
| 526 | _aP99 | ||
| 526 | _aP98 | ||
| 526 | _aP97 | ||
| 526 | _aP96 | ||
| 526 | _aP95 | ||
| 526 | _aP93 | ||
| 526 | _aP90 | ||
| 526 | _aP89 | ||
| 526 | _aP88 | ||
| 526 | _aP83 | ||
| 526 | _aP82 | ||
| 526 | _aP62 | ||
| 526 | _aP59 | ||
| 526 | _aP58 | ||
| 526 | _aP57 | ||
| 526 | _aP51 | ||
| 526 | _aP49 | ||
| 526 | _aP48 | ||
| 526 | _aP47 | ||
| 526 | _aP29 | ||
| 526 | _aP24 | ||
| 526 | _aP20 | ||
| 526 | _aP19 | ||
| 526 | _aP17 | ||
| 526 | _aP15 | ||
| 526 | _aP14 | ||
| 526 | _aP12 | ||
| 526 | _aP10 | ||
| 526 | _aP09 | ||
| 526 | _aP08 | ||
| 526 | _aP07 | ||
| 526 | _aP06 | ||
| 526 | _aP05 | ||
| 526 | _aP04 | ||
| 526 | _aP01 | ||
| 650 | 1 | 4 |
_aHomosexualidad _xCristianismo. |
| 650 | 2 | 4 |
_aRelaciones interpersonales _xAspectos religiosos (Cristianismo). |
| 700 | 1 | _aDe Gruchy, Steve. | |
| 700 | 1 | _aGermond, Paul | |
| 942 |
_2ddc _cBOOK |
||
| 949 |
_a306.766 A14 _wDEWEY _c1 _i51050 _lCCODEBUL1 _mBUL _p10.00 _r0 _sY _tBOOK _u2015-6-24 _xTEOLOGIA _PP35 _0COMPRA _o.STAFF. Colección General |
||
| 994 |
_aC0 _bPEPRU |
||
| 596 | _a1 | ||
| 999 |
_a306.766 A14 _wDEWEY _c32740 _i51050 _d32740 _f2021-11-4 _g5 _lCCODEBUL1 _mBUL _p10.00 _q1 _r0 _sY _tBOOK _u2015-6-24 _xBIBLIOTECA _PP35 _0COMPRA _o.STAFF. Colección General |
||
| 980 |
_81 _gALBERTO SANCHEZ Responsable de Automatización |
||